000 00259nam a22001097a 4500
082 _a030
_bKNA/W-4
100 _aKNAPP,BRIAN
245 _aSCIENCE IN OUR WORLD : WATER
260 _aUK
_bATLANTIC EUROPE PUBLISHING
650 _aGENERAL KNOWLEDGE
_zUK
942 _cBK
999 _c1984
_d1984